Advanced programming using visual basic 2008. / (Record no. 7441)
[ view plain ]
| 000 -LEADER | |
|---|---|
| fixed length control field | 01220nam a22002297a 4500 |
| 008 - FIXED-LENGTH DATA ELEMENTS--GENERAL INFORMATION | |
| fixed length control field | 120705t xxu||||| |||| 00| 0 eng d |
| 020 ## - INTERNATIONAL STANDARD BOOK NUMBER | |
| International Standard Book Number | 9780073517223 |
| 020 ## - INTERNATIONAL STANDARD BOOK NUMBER | |
| International Standard Book Number | 0073517224 |
| 050 ## - LIBRARY OF CONGRESS CALL NUMBER | |
| Classification number | QA.76.73.B3.B69 |
| 100 ## - MAIN ENTRY--PERSONAL NAME | |
| Personal name | Bradley, Julia Case. |
| 245 ## - TITLE STATEMENT | |
| Title | Advanced programming using visual basic 2008. / |
| Statement of responsibility, etc. | Julia Case Bradley. |
| 250 ## - EDITION STATEMENT | |
| Edition statement | 4th ed. |
| 260 ## - PUBLICATION, DISTRIBUTION, ETC. | |
| Place of publication, distribution, etc. | New York: |
| Name of publisher, distributor, etc. | McGraw-Hill, |
| Date of publication, distribution, etc. | 2010. |
| 300 ## - PHYSICAL DESCRIPTION | |
| Extent | xxii, 650 p. : |
| Other physical details | ill.; |
| Dimensions | 28cm. |
| 500 ## - GENERAL NOTE | |
| General note | Includes index. |
| 505 ## - FORMATTED CONTENTS NOTE | |
| Formatted contents note | Contents: Visual studio and the .NET framework -- Building multitier programs with classes -- Windows database applications -- Windows database using related tables -- Windows database updates -- Services -- Web applications -- Web database applications -- Reports -- collections -- user controls - Help files -- Additional topics in Visual Basic -- Appendix A: Answers to feedback questions -- Appendix B: Review of introductory concepts -- Appendix C: Deployments -- Appendix D: Tips and shortcuts for mastering the environment -- Glossary. |
| 650 ## - SUBJECT ADDED ENTRY--TOPICAL TERM | |
| Topical term or geographic name entry element | Microsoft Visual BASIC. |
| 650 ## - SUBJECT ADDED ENTRY--TOPICAL TERM | |
| Topical term or geographic name entry element | Computer programming. |
| 650 ## - SUBJECT ADDED ENTRY--TOPICAL TERM | |
| Topical term or geographic name entry element | BASIC (Computer program language) |
| 700 ## - ADDED ENTRY--PERSONAL NAME | |
| Personal name | Millspaugh, Anita C. |
| 942 ## - ADDED ENTRY ELEMENTS (KOHA) | |
| Source of classification or shelving scheme | Library of Congress Classification |
| Koha item type | Books |
| Withdrawn status | Lost status | Source of classification or shelving scheme | Damaged status | Not for loan | Home library | Current library | Shelving location | Date acquired | Full call number | Barcode | Date last seen | Price effective from | Koha item type |
|---|---|---|---|---|---|---|---|---|---|---|---|---|---|
| Library of Congress Classification | WISCONSIN INTERNATIONAL UNIVERSITY COLLEGE, GHANA KUMASI LIBRARY | WISCONSIN INTERNATIONAL UNIVERSITY COLLEGE, GHANA KUMASI LIBRARY | General Stacks | 15/11/2019 | QA76.73.B3.B69(4e) | K/2419/2419/19 | 06/07/2020 | 06/07/2020 | Books |
